Physical chemistry / (Record no. 10742)
[ view plain ]
| 000 -LEADER | |
|---|---|
| fixed length control field | 00738nam a2200253 a 4500 |
| 090 ## - LOCALLY ASSIGNED LC-TYPE CALL NUMBER (OCLC); LOCAL CALL NUMBER (OCLC) | |
| -- | 10742 |
| 001 - CONTROL NUMBER | |
| control field | 2862189 |
| 005 - DATE AND TIME OF LATEST TRANSACTION | |
| control field | 20240818092907.0 |
| 008 - FIXED-LENGTH DATA ELEMENTS--GENERAL INFORMATION | |
| fixed length control field | 850301s1986 flua b 001 0 eng |
| 010 ## - | |
| -- | 85070837 |
| 020 ## - INTERNATIONAL STANDARD BOOK NUMBER | |
| International Standard Book Number | 0120442558 |
| 040 ## - CATALOGING SOURCE | |
| Original cataloging agency | DLC |
| Transcribing agency | DLC |
| Modifying agency | DLC |
| 050 00 - LIBRARY OF CONGRESS CALL NUMBER | |
| Classification number | QD453.2 |
| Item number | .A3 1986 |
| 082 00 - DEWEY DECIMAL CLASSIFICATION NUMBER | |
| Classification number | 541.3 |
| Edition number | 19 |
| Item number | VEM |
| 245 12 - TITLE STATEMENT | |
| Title | Physical chemistry / |
| Statement of responsibility, etc | G. K. Vemulapalli |
| 260 ## - | |
| -- | New Delhi: |
| -- | Prentice-Hallof India, |
| -- | 2001 |
| 300 ## - PHYSICAL DESCRIPTION | |
| Extent | xxiv, 991 p. : |
| Other physical details | ill. ; |
| Dimensions | 27 cm. |
| 336 ## - CONTENT TYPE | |
| Source | rdacontent |
| Content type term | text |
| Content type code | txt |
| 337 ## - MEDIA TYPE | |
| Media type term | unmediated |
| Source | rdamedia |
| Media type code | n |
| 338 ## - CARRIER TYPE | |
| Carrier type term | volume |
| Carrier type code | nc |
| Source | rdacarrier |
| 650 #0 - SUBJECT ADDED ENTRY--TOPICAL TERM | |
| Topical term or geographic name as entry element | Chemistry, Physical and theoretical. |
| 740 0# - ADDED ENTRY--UNCONTROLLED RELATED/ANALYTICAL TITLE | |
| Uncontrolled related/analytical title | Physical chemistry. |
| 942 ## - ADDED ENTRY ELEMENTS (KOHA) | |
| Source of classification or shelving scheme | Dewey Decimal Classification |
| Koha item type | Book - Borrowing |
| Classification part | RDA-MOD |
| Withdrawn status | Lost status | Source of classification or shelving scheme | Damaged status | Not for loan | Collection code | Home library | Current library | Shelving location | Date acquired | Source of acquisition | Cost, normal purchase price | Serial Enumeration / chronology | Total Checkouts | Full call number | Barcode | Date last seen | Koha item type |
|---|---|---|---|---|---|---|---|---|---|---|---|---|---|---|---|---|---|
| Dewey Decimal Classification | Alahram | Central Library | Central Library | First floor | 08/02/2009 | Purchase | 97.40 | 6398 | 541.3 VEM | 000014704 | 15/07/2025 | Book - Borrowing |